|
|
|
|
| LEADER |
00000nam a2200000 a 4500 |
| 001 |
vtls008161246 |
| 003 |
SK-MaSNL |
| 005 |
20260426014625.0 |
| 008 |
240314s1974 xo f 000 0dslo |
| 020 |
|
|
|q (brož.)
|
| 040 |
|
|
|a SNK
|b slo
|c SNK
|e AACR2
|
| 041 |
0 |
|
|a slo
|
| 044 |
|
|
|a xo
|c SK
|
| 072 |
|
7 |
|a 323
|x Vnútropolitický vývoj, politický život
|2 konspekt
|
| 072 |
|
7 |
|a 796
|x Šport. Hry. Telesné cvičenia
|2 konspekt
|
| 080 |
|
|
|a 323.25/.26:329.18
|2 1997
|
| 080 |
|
|
|a 796.071.2
|2 1997
|
| 080 |
|
|
|a 94(437.6)"1944"
|2 1997
|
| 080 |
|
|
|a 796.034.2:061
|2 1997
|
| 080 |
|
|
|a (041)
|2 1997
|
| 100 |
1 |
|
|a Perútka, Jaromír,
|d 1930-2003
|4 aut
|9 170243
|
| 245 |
1 |
0 |
|a Športovci v Slovenskom národnom povstaní
|c Jaromír Perútka
|
| 260 |
|
|
|a Bratislava
|b Šport
|c 1974
|
| 300 |
|
|
|a 34 s.
|c 21 cm
|
| 500 |
|
|
|a Vyd. Slovenský ústredný výbor Československého zväzu telesnej výchovy
|
| 650 |
0 |
7 |
|a Slovenské národné povstanie (1944)
|2 SNKPH
|9 177948
|
| 650 |
0 |
7 |
|a športovci
|2 SNKPH
|9 1043
|
| 650 |
0 |
7 |
|a protifašistický odboj
|2 SNKPH
|9 4751
|
| 650 |
0 |
7 |
|a telovýchovné organizácie
|2 SNKPH
|9 78448
|
| 651 |
|
7 |
|a Slovensko
|2 SNKPHgeo
|9 14231
|
| 958 |
|
|
|a OND
|
| 999 |
|
|
|c 1163336
|d 1165266
|
| 952 |
|
|
|a SNK
|b SNK
|y PREZ
|7 0
|p 17A0476005
|o snkSC 120522
|i snk2005/10624
|8 1
|0 0
|1 0
|4 0
|d 2005-06-20
|l 0
|r 2025-05-30 00:00:00
|w 2026-02-24
|